| 000 | 01415cam a2200361 i 4500 | ||
|---|---|---|---|
| 003 | SA-RiAUC | ||
| 005 | 20251005120832.0 | ||
| 008 | 251005s1993 le g b 000 i ara c | ||
| 040 |
_aSA-RiAUC _bara _cSA-RiAUC _erda |
||
| 082 | 0 | 4 |
_a816 _qSA-RiAUC |
| 090 |
_a816 _bب ج ا |
||
| 100 | 1 |
_aالبجائي، أحمد، _dتوفي 865 هجري _eمؤلف. |
|
| 245 | 1 | 0 |
_aرسالة الغريب إلى الحبيب / _cتأليف أحمد أبو عصيدة البجائي ؛ تعريف وتعليق وتلخيص أبو القاسم سعد الله. |
| 250 | _aالطبعة الأولى. | ||
| 264 | 1 |
_aبيروت : _bدار الغرب الإسلامي، _c1993 |
|
| 300 |
_a108 صفحة ؛ _c22 سم |
||
| 336 |
_aنص _btxt _2rdacontent _3كتاب |
||
| 337 |
_aبدون وسيط _bn _2rdamedia |
||
| 338 |
_aمجلد _bnc _2rdacarrier |
||
| 504 | _aببليوجرافية : صفحة 99-108. | ||
| 650 | 7 |
_aالرسائل العربية _yالعصر المملوكي _2aucsh |
|
| 653 | _aالأدب الجزائري. | ||
| 653 | _aLITTERATURE ALGERIENNE. | ||
| 653 | _aالتراسل. | ||
| 653 | _aLITTERATURE EPISTOLAIRE. | ||
| 653 | _aالبيوغرافيات. | ||
| 653 | _aBIOGRAPHIE. | ||
| 653 | _aالجزائر. | ||
| 653 | _aALGERIE. | ||
| 700 | 1 |
_aسعد الله، أبو القاسم، _d1930-2013 _eمعلق. |
|
| 942 |
_2ddc _cBOOK _n0 |
||
| 949 |
_aSA-JeALM _d251005 _umohamedma123 _n1 |
||
| 999 |
_c12382 _d12382 |
||